000
003240000a22001450004500
003
MACL
040
_a
MACL
090
_c
33295
_d
33293
100
_a
Pistola, Marco
245
_a
Java 2 Network Security
260
_b
Pearson Education
_c
1999
350
_a
450
650
_a
Computer Programming
942
_c
BOOK
_k
005.133/PIS
999
_c
32946
_d
32946